ბათუმის შოთა რუსთაველის სახელმწიფო უნივერსიტეტის ბიბლიოთეკა

ზოგადი მიწათმოქმედება (ბიბ.ჩანაწერი № 44690)

000 -LEADER
fixed length control field 01408nam a2200205Ia 4500
001 - CONTROL NUMBER
control field 11494
003 - CONTROL NUMBER IDENTIFIER
control field GE_BSU
008 - FIXED-LENGTH DATA ELEMENTS--GENERAL INFORMATION
fixed length control field 181216s||||||||xx |||||||||||||| ||und||
040 ## - CATALOGING SOURCE
Transcribing agency GE_BSU
100 ## - MAIN ENTRY--PERSONAL NAME
Personal name ჭანიშვილი,შ; ქეშელაშვილი,გ; ბუჯიაშვილი,ა; გელიაშვილი,პ.
245 ## - TITLE STATEMENT
Title ზოგადი მიწათმოქმედება
245 ## - TITLE STATEMENT
Remainder of title სახელმძღვ.სას.–სამ.ინ–ტის აგრონომიული,მებაღეობა–მევენახეობის,მეაბრეშუმეობისა და ეკონომიკა–ორგანიზაციის ფაკულტეტებისათვის.
245 ## - TITLE STATEMENT
Statement of responsibility, etc. რედ:ტ.ზოზრაშვილი.
260 ## - PUBLICATION, DISTRIBUTION, ETC.
Place of publication, distribution, etc. თბილისი
260 ## - PUBLICATION, DISTRIBUTION, ETC.
Name of publisher, distributor, etc. განათლება
260 ## - PUBLICATION, DISTRIBUTION, ETC.
Date of publication, distribution, etc. 1975
300 ## - PHYSICAL DESCRIPTION
Extent 396გვ;22სმ.
653 ## - INDEX TERM--UNCONTROLLED
Uncontrolled term ზოგადი მიწათმოქმედება.სახელმძღვ.სას.–სამ.ინ–ტის აგრონომიული,მებაღეობა–მევენახეობის,მეაბრეშუმეობისა და ეკონომიკა–ორგანიზაციის ფაკულტეტებისათვის.
942 ## - ADDED ENTRY ELEMENTS (KOHA)
Koha item type წიგნი
ეგზემპლარები
Withdrawn status Lost status Damaged status Not for loan Date acquired Barcode Date last seen Price effective from Koha item type
        2018-12-17 20196 2018-12-17 2018-12-17 წიგნი